Countries That Use the Franc - Statistics

General Stats
  • This quiz has been taken 15 times
  • The average score is 18 of 22
Answer Stats
Answer % Correct
Benin
93%
Cameroon
93%
DR Congo
93%
Ivory Coast
93%
Republic of the Congo
93%
Switzerland
93%
Togo
93%
Burkina Faso
87%
Guinea
87%
Mali
87%
Niger
87%
Senegal
87%
Central African Republic
80%
Chad
80%
Guinea-Bissau
80%
Gabon
73%
Burundi
67%
Equatorial Guinea
67%
Liechtenstein
67%
Djibouti
60%
Rwanda
60%
Comoros
53%
No matching quizzes found
Score Distribution
Percent of People with Each Score
Percentile by Number Answered
Your Score History
You have not taken this quiz